| 000 | 00570nam a22001937a 4500 | ||
|---|---|---|---|
| 003 | NUST | ||
| 005 | 20250221160052.0 | ||
| 008 | 170926b xxu||||| |||| 00| 0 eng d | ||
| 040 | _cNUST | ||
| 082 | _a200 | ||
| 100 |
_aKhan,Farhan _94994 |
||
| 245 |
_aForeign aid economic growth in Pakistan: role of political stability/ _cFarhan Khan, |
||
| 260 |
_aIslamabad _c2014 |
||
| 300 | _a42p | ||
| 600 |
_xMS- Economics _9127866 |
||
| 700 |
_aSupervisor: Dr. Faisal Jamil _9127939 |
||
| 856 | _uhttp://10.250.8.41:8080/xmlui/handle/123456789/30156 | ||
| 942 |
_2ddc _cTHE |
||
| 999 |
_c331374 _d331374 |
||